| Tag |
First Indicator |
Second Indicator |
Subfields |
| LEADER |
00000cam a2200000 i 4500 |
| 001 |
in00004350068 |
| 008 |
200501t20202020enka b 001 0 eng |
| 005 |
20250318214117.0 |
| 010 |
|
|
|a 2020011165
|
| 020 |
|
|
|a 9780367435745
|
| 020 |
|
|
|a 0367435748
|q hardcover
|
| 020 |
|
|
|z 9781003004417
|q electronic book
|
| 035 |
|
|
|a (OCoLC)on1162192706
|
| 035 |
|
|
|a (OCoLC)1162192706
|
| 040 |
|
|
|a DLC
|b eng
|e rda
|c DLC
|d OCLCO
|d YDX
|d OCLCF
|d YDX
|
| 042 |
|
|
|a pcc
|
| 043 |
|
|
|a a-cc---
|
| 050 |
0 |
0 |
|a PN1995.5
|b .C5145 2020
|
| 082 |
0 |
0 |
|a 791.43/682
|2 23
|
| 100 |
1 |
|
|a Chong, Kris H. K.,
|e author.
|
| 245 |
1 |
0 |
|a Transcendence and spirituality in Chinese cinema :
|b a theological exploration /
|c Kris H.K. Chong.
|
| 264 |
|
1 |
|a Abingdon, Oxon ;
|a New York, NY :
|b Routledge, Taylor & Francis Group,
|c 2020.
|
| 264 |
|
4 |
|c ©2020
|
| 300 |
|
|
|a xviii, 160 pages :
|b illustrations ;
|c 25 cm.
|
| 336 |
|
|
|a text
|b txt
|2 rdacontent
|
| 337 |
|
|
|a unmediated
|b n
|2 rdamedia
|
| 338 |
|
|
|a volume
|b nc
|2 rdacarrier
|
| 490 |
1 |
|
|a Routledge studies in religion and film
|
| 504 |
|
|
|a Includes bibliographical references and index.
|
| 505 |
0 |
|
|a More in life than meets the eye: afterimage in Chinese films -- Ultimate concern: tillich and Chinese films -- Afterimage: The Fifth Generation filmmakers -- Reframing afterimage: The Sixth Generation filmmakers -- Towards a wider presence in Chinese films.
|
| 520 |
|
|
|a "This book provides a framework by which a global audience might think theologically about contemporary films produced in mainland China by Chinese directors. Up to this point the academic discipline of Christian theology and film has focussed predominantly on Western cinema, and as a result, has missed out the potential insights offered by Chinese spirituality on film. Mainland Chinese films, produced within the nation's social structure, offer an excellent lingua franca of China. Illuminating the spiritual imagination of Chinese filmmakers and their yearning for transcendence, the book uses Richard A. Blake's concept of afterimage to analyse the potential theological implications of their films. It then brings Jürgen Moltmann's "immanent-transcendence" and Robert K. Johnston's "God's wider Presence" into conversation with Confucianist and Daoist ideas of there being, spirituality-speaking, "More in Life than Meets the Eye" than simply material existence. This all combines to move beyond film and allow for a Western audience to gain a new perspective on Chinese culture and traditions. One that uses familiar Western terms, while avoiding the imposition of a Western mindset. This is a new perspective on cinema, religion and Chinese culture that will be of keen interest to scholars of Religion and Film, Religious Studies, Theology, Sociology of Religion and Chinese Studies"--
|c Provided by publisher.
|
| 650 |
|
0 |
|a Motion pictures
|x Religious aspects.
|
| 650 |
|
0 |
|a Religion in motion pictures.
|
| 650 |
|
0 |
|a Motion pictures
|z China
|x History.
|
| 650 |
|
7 |
|a Motion pictures.
|2 fast
|0 (OCoLC)fst01027285
|
| 650 |
|
7 |
|a Motion pictures
|x Religious aspects.
|2 fast
|0 (OCoLC)fst01027371
|
| 650 |
|
7 |
|a Religion in motion pictures.
|2 fast
|0 (OCoLC)fst01093883
|
| 651 |
|
7 |
|a China.
|2 fast
|0 (OCoLC)fst01206073
|
| 655 |
|
7 |
|a History.
|2 fast
|0 (OCoLC)fst01411628
|
| 776 |
0 |
8 |
|i Online version:
|a Chong, Kris H.K,
|t Transcendence and spirituality in Chinese cinema
|b 1.
|d New York : Routledge, 2020.
|z 9781003004417
|w (DLC) 2020011166
|
| 830 |
|
0 |
|a Routledge studies in religion and film.
|
| 852 |
8 |
|
|b pda,print
|z This title is available for the library to purchase for your use. Click the "Purchase It For Me" button to place a request. This item may take 5-10 business days to arrive.
|
| 955 |
|
|
|a Print PDA title
|
| 961 |
|
|
|m 565730
|
| 999 |
f |
f |
|s c3348d9c-c22d-4f7c-acfe-25526b09d996
|i 21bd8a3b-f807-3ac1-9185-954e41ce7154
|t 0
|
| 952 |
f |
f |
|a Texas A&M University
|b College Station
|c Sterling C. Evans Library
|d Purchase on Demand
|t 0
|e PN1995.5 .C5145 2020
|h Library of Congress classification
|
| 998 |
f |
f |
|a PN1995.5 .C5145 2020
|t 0
|l Purchase on Demand
|